Un millón de muertos: novela
Shranjeno v:
| Glavni avtor: | |
|---|---|
| Format: | Knjiga |
| Jezik: | španščina |
| Izdano: |
Barcelona
Planeta
1961
|
| Izdaja: | 3a. ed |
| Serija: | Colección Omnibús
|
| Teme: | |
| Oznake: |
Označite
Brez oznak, prvi označite!
|
MARC
| LEADER | 00000nam a2200000 a 4500 | ||
|---|---|---|---|
| 001 | UCZ3425 | ||
| 003 | CL-VaPUC | ||
| 008 | 951020e19610400SP |||||||||||||||||spa|d | ||
| 082 | 0 | 4 | |a 863 |b GIR |2 21 |
| 100 | |a Gironella, José María |e author |9 376960 | ||
| 245 | 1 | 3 | |a Un millón de muertos: novela |
| 250 | |a 3a. ed | ||
| 300 | |a 819 p | ||
| 942 | |c BK | ||
| 945 | |d 19951020 00:00:00 |a lriquelm | ||
| 260 | |a Barcelona |b Planeta |c 1961 | ||
| 650 | 0 | |a Novelas españolas |9 265052 | |
| 650 | 0 | |a Literatura española |9 306261 | |
| 650 | 0 | |a Guerra civil |9 320243 | |
| 651 | 0 | |a España |9 254926 | |
| 583 | |a last modification |c 19951020 00:00:00 |k Rodrigo Vera | ||
| 490 | 0 | |a Colección Omnibús | |
| 999 | |c 239901 |d 239899 | ||
| 952 | |0 0 |1 0 |4 0 |6 863_000000000000000_GIR_1961 |7 0 |8 P |9 251401 |a BIBEDU |b BIBEDU |c BIBEDU_PB |d 2019-11-18 |i 1587838 |o 863 GIR 1961 |p 1587838 |r 2024-01-25 |w 2019-11-18 |y BK |k FIL | ||